000 00321nam a2200121Ia 4500
008 220204s9999 xx 000 0 und d
082 _a057
_bCLO
100 _aCLOUDSLEY-THOMPSON, J L
245 0 _aMan and the biology of arid zones.
260 _aLondon
_bEdward Arnold
_c1977
650 _aArid zone ecology
942 _cBK
999 _c28738
_d28738